[Event "Latin Cup"]
[Site "Montevideo"]
[Date "2011.11.05"]
[Round "7"]
[White "Pesuto, Ivan"]
[Black "Luzuriaga, Norberto Horacio"]
[Result "1-0"]
[WhiteElo "2129"]
[BlackElo "1836"]
[PlyCount "91"]
[EventDate "2011.11.01"]
[EventType "swiss"]
[EventRounds "9"]
[EventCountry "URU"]
[SourceTitle "EXT 2012"]
[Source "ChessBase"]
[SourceDate "2011.11.24"]
[SourceVersion "1"]
[SourceVersionDate "2011.11.24"]
[SourceQuality "1"]

1. c4 Nf6 2. d4 e6 3. Nf3 d5 4. cxd5 exd5 5. Nc3 c6 6. Bg5 Be7 7. Qc2 Nbd7 8. e3 h6 9. Bh4 0-0 10. Bd3 Re8 11. 0-0 Ne4 12. Bxe7 Qxe7 13. Rab1 Nd6 14. Rbe1 Ne4 15. Rb1 Nd6 16. Nd2 Nf6 17. Rbe1 Nfe4 18. f3 Nxd2 19. Qxd2 Qf6 20. Bb1 Nc4 21. Qf2 Bd7 22. Na4 b6 23. Nc3 Nd6 24. b3 Re7 25. Qd2 Ree8 26. e4 dxe4 27. fxe4 Qd8 28. Qf4 Qe7 29. a4 Nb7 30. e5 Be6 31. Qe4 g6 32. Qxc6 Rac8 33. Qf3 Qb4 34. Ne2 Qxb3 35. Qxb7 Bd5 36. Qd7 Qe3+ 37. Kh1 Be6 38. Qb7 Rcd8 39. Nf4 Qb3 40. Nxe6 Qxe6 41. Qe4 Qc4 42. d5 Qc3 43. e6 f5 44. Qe5 Qc4 45. Qf6 Rxe6 46. Qxe6+ 1-0

[Event "Latin Cup"]
[Site "Montevideo"]
[Date "2011.11.04"]
[Round "6"]
[White "Luzuriaga, Norberto Horacio"]
[Black "Tramutolo, Gustavo"]
[Result "1-0"]
[WhiteElo "1836"]
[BlackElo "1636"]
[PlyCount "63"]
[EventDate "2011.11.01"]
[EventType "swiss"]
[EventRounds "9"]
[EventCountry "URU"]
[SourceTitle "EXT 2012"]
[Source "ChessBase"]
[SourceDate "2011.11.24"]
[SourceVersion "1"]
[SourceVersionDate "2011.11.24"]
[SourceQuality "1"]

1. d4 Nf6 2. Nf3 e6 3. c4 c6 4. Nc3 d5 5. cxd5 cxd5 6. e3 Bb4 7. Bd2 Qa5 8. a3 Be7 9. Rc1 0-0 10. Nb5 Qb6 11. Nc7 Bd7 12. Nxa8 Qxb2 13. Nc7 Ne4 14. Rb1 Qxa3 15. Nb5 Qa6 16. Nc3 Qa3 17. Nxe4 dxe4 18. Ne5 Ba4 19. Qc1 f6 20. Qxa3 Bxa3 21. Nc4 Be7 22. Rxb7 Nc6 23. Be2 a6 24. Nb2 Bc2 25. 0-0 f5 26. Rc1 Nxd4 27. exd4 e3 28. Rxc2 exf2+ 29. Kxf2 Bf6 30. Rbc7 f4 31. Rc8 Bh4+ 32. Kf1 1-0

[Event "Latin Cup"]
[Site "Montevideo"]
[Date "2011.11.02"]
[Round "2"]
[White "Luzuriaga, Norberto Horacio"]
[Black "Bengochea, Ricardo"]
[Result "1-0"]
[WhiteElo "1836"]
[BlackElo "1504"]
[PlyCount "101"]
[EventDate "2011.11.01"]
[EventType "swiss"]
[EventRounds "9"]
[EventCountry "URU"]
[SourceTitle "EXT 2012"]
[Source "ChessBase"]
[SourceDate "2011.11.24"]
[SourceVersion "1"]
[SourceVersionDate "2011.11.24"]
[SourceQuality "1"]

1. d4 d5 2. c4 e6 3. Nc3 Nf6 4. Bg5 Be7 5. e3 0-0 6. Nf3 c6 7. Bd3 Nbd7 8. Rc1 c5 9. 0-0 cxd4 10. Nxd4 Ne5 11. Bxf6 Bxf6 12. cxd5 Nxd3 13. Qxd3 exd5 14. Nce2 Be6 15. b3 Qd7 16. Rfd1 a6 17. Qd2 Rac8 18. Nc3 Qe7 19. Na4 Qd6 20. Nb2 Be7 21. Nd3 Bd7 22. Nf4 Rxc1 23. Rxc1 Qe5 24. Nf3 Qe4 25. Qxd5 Qxd5 26. Nxd5 Bf6 27. Nxf6+ gxf6 28. Nd4 Be6 29. Kf1 f5 30. Rc7 Bd5 31. Nxf5 Be4 32. Nd6 Bd3+ 33. Ke1 b5 34. Kd2 Bg6 35. Rc8 b4 36. Kc1 a5 37. Rxf8+ Kxf8 38. Nc4 Ke7 39. Nxa5 Be4 40. g3 f5 41. Kb2 h5 42. a3 bxa3+ 43. Kxa3 Kd6 44. b4 Kc7 45. Kb3 Kb6 46. Nc4+ Kb5 47. Nd6+ Kc6 48. Nxe4 fxe4 49. h3 Kd6 50. Kc4 Ke5 51. b5 1-0

[Event "Latin Cup"]
[Site "Montevideo"]
[Date "2011.11.01"]
[Round "1"]
[White "Trois, Francisco R Torres"]
[Black "Luzuriaga, Norberto Horacio"]
[Result "1-0"]
[WhiteElo "2275"]
[BlackElo "1836"]
[PlyCount "45"]
[EventDate "2011.11.01"]
[EventType "swiss"]
[EventRounds "9"]
[EventCountry "URU"]
[SourceTitle "EXT 2012"]
[Source "ChessBase"]
[SourceDate "2011.11.24"]
[SourceVersion "1"]
[SourceVersionDate "2011.11.24"]
[SourceQuality "1"]

1. e4 c6 2. d4 d5 3. Nc3 dxe4 4. Nxe4 Nd7 5. Ng5 Ngf6 6. Bc4 e6 7. Qe2 Nd5 8. N1f3 h6 9. Ne4 Qc7 10. 0-0 Be7 11. Bb3 b5 12. c3 Bb7 13. Re1 c5 14. Qxb5 cxd4 15. Nxd4 a6 16. Qe2 a5 17. Qg4 N7f6 18. Nxf6+ Nxf6 19. Ba4+ Kf8 20. Qxe6 Bd6 21. Qh3 Bc8 22. Qh4 Ng4 23. Re8# 1-0

[Event "CP-2010-P-00025"]
[Site "LSS email"]
[Date "2010.09.28"]
[Round "?"]
[White "Nicolaescu, Nicolae"]
[Black "Luzuriaga, Norberto Horacio"]
[Result "0-1"]
[WhiteElo "1509"]
[BlackElo "2097"]
[PlyCount "84"]
[EventDate "2010.10.01"]
[EventType "tourn (corr)"]
[EventRounds "6"]
[EventCountry "GER"]
[SourceTitle "Telechess CBM 151"]
[Source "ChessBase"]
[SourceDate "2012.11.13"]
[SourceVersion "1"]
[SourceVersionDate "2012.11.13"]
[SourceQuality "1"]

1. e4 d6 2. d4 Nf6 3. Nc3 g6 4. Nf3 Bg7 5. Be2 0-0 6. 0-0 c6 7. h3 Nbd7 8. Be3 Qc7 9. a4 b6 10. Qd2 Bb7 11. Bh6 Rfe8 12. Bxg7 Kxg7 13. Rfe1 a6 14. Bf1 e5 15. Rad1 Rad8 16. dxe5 Nxe5 17. Nxe5 dxe5 18. Qe3 b5 19. axb5 cxb5 20. Bd3 Rd6 21. Ne2 Qa5 22. Nc1 Qb4 23. Nb3 Bxe4 24. Bxe4 Nxe4 25. Rxd6 Nxd6 26. Rd1 Nf5 27. Qd2 Qc4 28. Qd3 Rc8 29. Qxc4 bxc4 30. Nc1 Nd4 31. c3 Ne6 32. Ne2 Rb8 33. Ng3 Rxb2 34. Ne4 Nf4 35. Rd7 a5 36. Ra7 Nd3 37. Rxa5 f5 38. Ra7+ Kh6 39. Nd6 Rb1+ 40. Kh2 e4 41. g4 Rb2 42. Nxc4 Rxf2+ 0-1

[Event "SM-2010-0-00111"]
[Site "LSS email"]
[Date "2010.07.26"]
[Round "?"]
[White "Baranowski, Tadeusz"]
[Black "Luzuriaga, Norberto Horacio"]
[Result "1-0"]
[WhiteElo "2309"]
[BlackElo "2097"]
[PlyCount "107"]
[EventDate "2010.06.22"]
[EventType "tourn (corr)"]
[EventRounds "6"]
[EventCountry "GER"]
[SourceTitle "Telechess CBM 149"]
[Source "ChessBase"]
[SourceDate "2012.07.17"]
[SourceVersion "1"]
[SourceVersionDate "2012.07.17"]
[SourceQuality "1"]

1. e4 c5 2. Nf3 e6 3. d4 cxd4 4. Nxd4 a6 5. Bd3 Nf6 6. 0-0 d6 7. c4 b6 8. Nc3 Bb7 9. Qe2 g6 10. Bc2 Nbd7 11. Bg5 Be7 12. f4 e5 13. fxe5 dxe5 14. Nb3 b5 15. Rad1 bxc4 16. Nd2 Qc7 17. Nxc4 0-0 18. Ne3 Kg7 19. Ng4 Qc5+ 20. Be3 Qb4 21. Bh6+ Kh8 22. Kh1 a5 23. Bxf8 Rxf8 24. Bb3 Kg7 25. Bd5 Nxg4 26. Bxb7 Ngf6 27. Bd5 Nc5 28. Rf3 Qb6 29. Bc4 Qb7 30. b3 Ne6 31. Bxe6 fxe6 32. Qc4 Qc8 33. Qb5 Qc5 34. Qa6 Ng4 35. Rxf8 Bxf8 36. Rd7+ Kh8 37. Nd1 Qc1 38. Qe2 Nf6 39. Rf7 Bg7 40. Ra7 h5 41. h3 h4 42. Rxa5 Nh5 43. Qd3 Bf8 44. Ra8 Ng3+ 45. Kg1 Qc5+ 46. Kh2 Kg7 47. Qd7+ Kh6 48. Qf7 Bg7 49. Rg8 Nh5 50. Nf2 Kg5 51. Ng4 Qc6 52. Rxg7 Nxg7 53. Qf6+ Kh5 54. Qxg7 1-0

[Event "SM-2010-0-00111"]
[Site "LSS email"]
[Date "2010.07.26"]
[Round "?"]
[White "Luzuriaga, Norberto Horacio"]
[Black "Roques, Pascal"]
[Result "0-1"]
[WhiteElo "2097"]
[BlackElo "2224"]
[PlyCount "144"]
[EventDate "2010.06.22"]
[EventType "tourn (corr)"]
[EventRounds "6"]
[EventCountry "GER"]
[SourceTitle "Telechess CBM 149"]
[Source "ChessBase"]
[SourceDate "2012.07.17"]
[SourceVersion "1"]
[SourceVersionDate "2012.07.17"]
[SourceQuality "1"]

1. d4 d5 2. c4 Nc6 3. cxd5 Qxd5 4. e3 e5 5. Nc3 Bb4 6. Bd2 Bxc3 7. bxc3 Nf6 8. f3 e4 9. c4 Qh5 10. Qb1 0-0 11. fxe4 Qh4+ 12. g3 Qxe4 13. Qxe4 Nxe4 14. Bg2 Re8 15. Ne2 Bg4 16. Rb1 b6 17. Rf1 Rad8 18. d5 Nxd2 19. Kxd2 Ne5 20. Rbc1 Bxe2 21. Kxe2 Nd7 22. Kd3 f6 23. e4 Re5 24. Kd4 Kf7 25. Rf5 Ke7 26. Rcf1 Kd6 27. Rxe5 fxe5+ 28. Kc3 Rf8 29. Rxf8 Nxf8 30. Bh3 a5 31. Kd3 h6 32. a3 Nh7 33. Bf5 Nf6 34. Bg6 Nd7 35. Bf5 Nc5+ 36. Kc2 Nb7 37. Bc8 Nd8 38. Kc3 Kc5 39. Bg4 Nf7 40. Be2 Nd6 41. Bd3 h5 42. h4 a4 43. Bc2 Nxc4 44. Bxa4 b5 45. Bd1 g6 46. g4 Ne3 47. Be2 Nxg4 48. Kd3 Kd6 49. Bf1 c5 50. dxc6 Kxc6 51. Kd2 Kc5 52. Be2 Kb6 53. Bd3 Nf2 54. Bc2 Kc5 55. Kc3 Nh3 56. Bd1 Nf4 57. Bf3 Ne6 58. Be2 Kc6 59. Kd2 Nf4 60. Bf3 Kb6 61. Kc3 Kc5 62. Kb3 Nd3 63. Kc3 Nf2 64. Bg2 Nd1+ 65. Kd3 Nb2+ 66. Kc3 Nc4 67. Bh3 Nxa3 68. Be6 b4+ 69. Kb3 Nb1 70. Kc2 Nc3 71. Kd3 Kd6 72. Bf7 g5 0-1

[Event "SM-2010-0-00111"]
[Site "LSS email"]
[Date "2010.07.26"]
[Round "?"]
[White "Yarmolyuk, Yury"]
[Black "Luzuriaga, Norberto Horacio"]
[Result "1/2-1/2"]
[WhiteElo "2140"]
[BlackElo "2006"]
[PlyCount "89"]
[EventDate "2010.06.22"]
[EventType "tourn (corr)"]
[EventRounds "6"]
[EventCountry "GER"]
[SourceTitle "Telechess CBM 143"]
[Source "ChessBase"]
[SourceDate "2011.07.15"]
[SourceVersion "1"]
[SourceVersionDate "2011.07.15"]
[SourceQuality "1"]

1. d4 d5 2. c4 c6 3. Nf3 Nf6 4. Nc3 dxc4 5. a4 Bf5 6. Ne5 e6 7. f3 Bb4 8. e4 Bxe4 9. fxe4 Nxe4 10. Bd2 Qxd4 11. Nxe4 Qxe4+ 12. Qe2 Bxd2+ 13. Kxd2 Qd5+ 14. Kc2 Na6 15. Nxc4 0-0 16. Qe5 Rab8 17. a5 f6 18. Qxd5 cxd5 19. Nd2 Rfc8+ 20. Kb1 e5 21. Ra3 Kf7 22. Be2 g6 23. h4 h5 24. Rb3 Nc5 25. Rb5 Rc7 26. Rc1 Rbc8 27. b4 Ne6 28. Rxc7+ Rxc7 29. Bd1 Ke7 30. g3 Nd4 31. Rxd5 Rc3 32. Ba4 Ke6 33. Rd8 Rxg3 34. Rb8 Ra3 35. Ne4 Kd5 36. Nxf6+ Kc4 37. Be8 Rf3 38. Nd7 Kb3 39. Nc5+ Kxb4 40. Nxb7 Ka3 41. Kc1 e4 42. Nd6 Nb3+ 43. Kc2 Na1+ 44. Kc1 Nb3+ 45. Kc2 1/2-1/2

[Event "LSS BI-2010-P-00023"]
[Site "LSS email"]
[Date "2010.04.19"]
[Round "?"]
[White "Evtushenko, Sergey Aleksandrovi"]
[Black "Luzuriaga, Norberto Horacio"]
[Result "1-0"]
[WhiteElo "2168"]
[BlackElo "1996"]
[PlyCount "137"]
[EventDate "2010.04.22"]
[EventType "tourn (corr)"]
[EventRounds "10"]
[EventCountry "GER"]
[SourceTitle "Corr 2013"]
[Source "ChessBase"]
[SourceDate "2012.11.12"]
[SourceVersion "1"]
[SourceVersionDate "2012.11.12"]
[SourceQuality "1"]

1. e4 d6 2. d4 Nf6 3. Nc3 g6 4. f4 Bg7 5. Nf3 0-0 6. Bd3 Nc6 7. e5 dxe5 8. fxe5 Nh5 9. Be3 Bg4 10. Be2 f6 11. exf6 Bxf6 12. Ne4 Qd5 13. Nxf6+ exf6 14. 0-0 Rae8 15. Qd2 Re7 16. b3 Qd6 17. Rae1 Rfe8 18. Bc4+ Kh8 19. c3 Qd7 20. Qf2 Be6 21. Be2 Bg4 22. Bh6 Qd6 23. Bd3 Nf4 24. Bb5 g5 25. Rxe7 Qxe7 26. h4 Bxf3 27. Qxf3 Rg8 28. g3 Rg6 29. gxf4 gxh4+ 30. Kf2 Rxh6 31. Re1 Qd8 32. Bxc6 bxc6 33. Qxc6 Kg7 34. Re8 Qd6 35. Qxd6 cxd6 36. Re7+ Kg6 37. Rxa7 Kf5 38. c4 Kxf4 39. c5 dxc5 40. dxc5 h3 41. Kg1 Rg6+ 42. Kh2 Rg2+ 43. Kxh3 Rb2 44. c6 Rc2 45. Ra6 Rc3+ 46. Kg2 Rc2+ 47. Kf1 h5 48. b4 h4 49. b5 h3 50. Kg1 Kg3 51. Ra3+ Kg4 52. Ra8 Rc1+ 53. Kf2 Rc2+ 54. Ke3 h2 55. Rg8+ Kh4 56. Rh8+ Kg3 57. Kd4 f5 58. Kd5 f4 59. b6 Rd2+ 60. Ke6 Re2+ 61. Kd7 Rd2+ 62. Kc8 Re2 63. Kd8 Rd2+ 64. Kc7 f3 65. b7 Rb2 66. b8Q Rxb8 67. Kxb8 f2 68. c7 Kg2 69. c8Q 1-0

[Event "LSS BI-2010-P-00023"]
[Site "LSS email"]
[Date "2010.04.19"]
[Round "?"]
[White "Luzuriaga, Norberto Horacio"]
[Black "Cornell, David"]
[Result "1/2-1/2"]
[WhiteElo "2336"]
[BlackElo "1819"]
[PlyCount "64"]
[EventDate "2010.04.22"]
[EventType "tourn (corr)"]
[EventRounds "10"]
[EventCountry "GER"]
[SourceTitle "Telechess CBM 141"]
[Source "ChessBase"]
[SourceDate "2011.03.17"]
[SourceVersion "1"]
[SourceVersionDate "2011.03.17"]
[SourceQuality "1"]

1. d4 d5 2. Bg5 g6 3. e3 Bg7 4. c4 c5 5. Nf3 cxd4 6. exd4 Nf6 7. Nc3 dxc4 8. Bxc4 0-0 9. 0-0 Bg4 10. h3 Bxf3 11. Qxf3 Nc6 12. Rfd1 Rc8 13. Bb3 Na5 14. d5 h6 15. Bh4 Nxb3 16. axb3 Qb6 17. d6 g5 18. dxe7 Rfe8 19. Bg3 Rxe7 20. b4 a6 21. b5 Re6 22. Rac1 Rce8 23. bxa6 bxa6 24. Na4 Qb4 25. Nc5 Re1+ 26. Rxe1 Rxe1+ 27. Rxe1 Qxe1+ 28. Kh2 Qb4 29. Qa8+ Kh7 30. Nd3 Qc4 31. Ne5 Qe6 32. Qb7 Kg8 1/2-1/2

[Event "LSS BI-2010-P-00023"]
[Site "LSS email"]
[Date "2010.04.19"]
[Round "?"]
[White "Luzuriaga, Norberto Horacio"]
[Black "Raluy Lopez, Marcos"]
[Result "1-0"]
[WhiteElo "1996"]
[BlackElo "1415"]
[PlyCount "27"]
[EventDate "2010.04.22"]
[EventType "tourn (corr)"]
[EventRounds "10"]
[EventCountry "GER"]
[SourceTitle "Corr 2013"]
[Source "ChessBase"]
[SourceDate "2012.11.12"]
[SourceVersion "1"]
[SourceVersionDate "2012.11.12"]
[SourceQuality "1"]

1. d4 Nf6 2. Bg5 d5 3. Bxf6 exf6 4. e3 Bd6 5. c4 dxc4 6. Bxc4 0-0 7. Nf3 Nd7 8. 0-0 f5 9. Nc3 c6 10. g3 Nf6 11. a4 a5 12. d5 Ne4 13. Qc2 Re8 14. Rad1 1-0

[Event "LSS SM-2009-0-00088"]
[Site "LSS email"]
[Date "2009.12.09"]
[Round "?"]
[White "Daurelle, Herve"]
[Black "Luzuriaga, Norberto Horacio"]
[Result "0-1"]
[WhiteElo "2202"]
[BlackElo "2009"]
[PlyCount "174"]
[EventDate "2009.11.17"]
[EventType "tourn (corr)"]
[EventRounds "6"]
[EventCountry "GER"]
[SourceTitle "Telechess CBM 141"]
[Source "ChessBase"]
[SourceDate "2011.03.17"]
[SourceVersion "1"]
[SourceVersionDate "2011.03.17"]
[SourceQuality "1"]

1. e4 d6 2. d4 Nf6 3. Nc3 g6 4. Nf3 Bg7 5. Be2 0-0 6. 0-0 c6 7. a4 a5 8. Be3 Ng4 9. Bg5 h6 10. Bh4 Na6 11. h3 Nf6 12. e5 Ne8 13. Ne4 d5 14. Nc3 Nec7 15. Bg3 Bd7 16. Qd2 Ne6 17. Nd1 c5 18. Ne3 cxd4 19. Nxd4 Nac5 20. Nxe6 fxe6 21. Qd4 Qb6 22. b3 Qb4 23. Qxb4 axb4 24. f3 g5 25. Rad1 Rfb8 26. Be1 Bxe5 27. Bxb4 Bd6 28. h4 b5 29. a5 Rc8 30. Be1 Na6 31. hxg5 Bc5 32. Bf2 hxg5 33. Nxd5 exd5 34. Rxd5 Bd6 35. c4 b4 36. Rxg5+ Kf8 37. Ra1 Nc5 38. Bd1 Nd3 39. Bc2 Nxf2 40. Kxf2 Rc5 41. Rxc5 Bxc5+ 42. Ke2 Kf7 43. g4 Kf6 44. Be4 Ra7 45. a6 Bc8 46. Bb7 Bxb7 47. axb7 Rxb7 48. Ra5 Bg1 49. Rf5+ Ke6 50. f4 Rd7 51. Re5+ Kf7 52. Rf5+ Ke8 53. Ra5 Bh2 54. f5 Rd4 55. g5 Kf7 56. Rb5 Bd6 57. Ke3 Rg4 58. g6+ Kf6 59. Kf3 Rf4+ 60. Ke3 Be5 61. Rxb4 Kxf5 62. Rb7 Re4+ 63. Kd3 Rd4+ 64. Ke2 e6 65. c5 Rg4 66. c6 Rxg6 67. b4 Rg2+ 68. Kd3 Rg3+ 69. Kc4 Rc3+ 70. Kb5 Bd6 71. Rf7+ Ke4 72. Rf1 e5 73. Rd1 Bxb4 74. Re1+ Kd5 75. Rd1+ Ke6 76. Kxb4 Rxc6 77. Re1 Rc7 78. Kb3 Kf5 79. Rf1+ Kg4 80. Re1 Re7 81. Kc2 Kf3 82. Rh1 Rd7 83. Rh3+ Kg4 84. Re3 Kf4 85. Rh3 e4 86. Rh4+ Kf3 87. Rh3+ Kg4 0-1